000 00690nam a2200229 4500
003 OSt
005 20240618014531.0
006 a
008 240618b |||||||| |||| 00| 0 eng d
020 _a9780071326216
040 _aDWCL-Main lib.
_cOC
082 _2Fourth edition
_aCirc. 658.7 S959m 2013
111 _aDonald J. Bowersox...[et al]
245 _aSupply chain logistics management /
250 _aFourth edition
260 _aNew York :
_bMcGraw-Hill,
_cc2013.
300 _axii,
_b484 p. : b & w ill. ;
_c26 cm.
504 _aIncludes index.
650 _a1. Business logistics.
711 _aDonald J. Bowersox...[et al]
942 _2ddc
_n0
_cBK-CIRC
_eFourth edition
_kCirc.
999 _c784
_d784